Napříč kůrou / Olga Richterová
Record details
- ISBN: 978-80-903950-2-2
- Physical Description: 83 s. : barev. il. ; 12 cm
- Edition: 1. vyd.
- Publisher: Kutná Hora : Klub rodáků a přátel Kutné Hory - Kutná Hora v Praze, 2008
Content descriptions
| General Note: | Název z obálky Vydáno u příležitosti 15. roč. festivalu Ortenova Kutná Hora |
Search for related items by subject
| Genre: | česká poezie Czech poetry |
Search for related items by series
Available copies
- 1 of 1 copy available at Common Catalog SPOK.
Holds
- 0 current holds with 1 total copy.
Show Only Available Copies
| Location | Call Number / Copy Notes | Barcode | Shelving Location | Status | Due Date |
|---|---|---|---|---|---|
| Jabok Library | BL-3/R | 424480021419 | Beletrie | Available | - |
| LDR | 01103nam a2200337 a 4500 | ||
|---|---|---|---|
| 001 | 7509 | ||
| 003 | CZ-PrJAB | ||
| 005 | 20170112105611.0 | ||
| 007 | ta | ||
| 008 | 081029s2008 xr a g 000 p cze | ||
| 015 | . | ‡acnb001821888 | |
| 020 | . | ‡a978-80-903950-2-2 ‡q(brož.) | |
| 035 | . | ‡a(CZ PrNK)nkc20081821888 | |
| 035 | . | ‡a(OCoLC)276817724 | |
| 040 | . | ‡aABA001 ‡bcze | |
| 072 | 7. | ‡a821.162.3-1 ‡xČeská poezie ‡2Konspekt ‡925 | |
| 080 | . | ‡a821.162.3-1 ‡2MRF | |
| 080 | . | ‡a(0:82-1) ‡2MRF | |
| 100 | 1 | . | ‡aRichterová, Olga, ‡d1985- ‡7jo2008475994 ‡4aut |
| 245 | 1 | 0. | ‡aNapříč kůrou / ‡cOlga Richterová |
| 250 | . | ‡a1. vyd. | |
| 260 | . | ‡aKutná Hora : ‡bKlub rodáků a přátel Kutné Hory - Kutná Hora v Praze, ‡c2008 | |
| 300 | . | ‡a83 s. : ‡bbarev. il. ; ‡c12 cm | |
| 490 | 1 | . | ‡aPrvní knížky ; ‡vsv. 8 |
| 500 | . | ‡aNázev z obálky | |
| 500 | . | ‡aVydáno u příležitosti 15. roč. festivalu Ortenova Kutná Hora | |
| 655 | 7. | ‡ačeská poezie ‡7fd133958 ‡2czenas | |
| 655 | 9. | ‡aCzech poetry ‡2eczenas | |
| 830 | 0. | ‡aPrvní knížky (Klub rodáků a přátel Kutné Hory) | |
| 910 | . | ‡aABG312 | |
| 901 | . | ‡a7509 ‡bUnknown ‡c7509 ‡tbiblio | |